| 000 | 00567nam a2200169 a 4500 | ||
|---|---|---|---|
| 001 | 000042114 | ||
| 005 | 20240306164224.0 | ||
| 008 | 131114s1970 mx 000 0 spa d | ||
| 040 |
_aDO-SdBNP _bspa _cBNPHU |
||
| 082 |
_axxxxxx _bxxxxxx |
||
| 100 | 1 |
_aCollazos, Óscar _969112 |
|
| 245 | 1 | 0 |
_aLiteratura en la revolución y revolución en la literatura / _cÓscar Collazos, Julio Cortazar, Mario Vargas Llosa. |
| 260 |
_aMéxico : _bSiglo XXI, _c1970. |
||
| 300 |
_a118 p. ; _c15 cm. |
||
| 700 | 1 |
_aCortazar, Julio _922782 |
|
| 700 | 1 |
_aVargas Llosa, Mario, _d1936- _912567 |
|
| 999 |
_c41603 _d41603 |
||